Dios
Guardat en:
| Autor principal: | |
|---|---|
| Format: | Llibre |
| Idioma: | espanyol |
| Publicat: |
Madrid
Palabra
1980
|
| Edició: | 2a. ed |
| Matèries: | |
| Etiquetes: |
Afegir etiqueta
Sense etiquetes, Sigues el primer a etiquetar aquest registre!
|
MARC
| LEADER | 00000nam a2200000 a 4500 | ||
|---|---|---|---|
| 001 | UCW8059 | ||
| 003 | CL-VaPUC | ||
| 008 | 880428e19800000SP |||||||||||||||||spa|d | ||
| 020 | |a 8471181274v.2 | ||
| 082 | 0 | 4 | |a 231.042 |b GAR |2 21 |
| 100 | |a Garrigou-Lagrange, Reginald |e author |9 483147 | ||
| 245 | 1 | 0 | |a Dios |
| 250 | |a 2a. ed | ||
| 300 | |a 2 v | ||
| 942 | |c BK | ||
| 945 | |d 19880428 00:00:00 | ||
| 260 | |a Madrid |b Palabra |c 1980 | ||
| 500 | |a v.1: La existencia de Dios | ||
| 500 | |a v.2: Su naturaleza | ||
| 650 | 0 | |a Dios |9 266622 | |
| 583 | |a last modification |c 19880428 00:00:00 |k Rodrigo Vera | ||
| 999 | |c 220555 |d 220553 | ||
| 952 | |0 0 |1 0 |4 0 |6 231_042000000000000_GAR_1980 |7 0 |8 P |9 212961 |a BIBEDU |b BIBEDU |c BIBEDU_PB |d 2019-11-15 |h v.1 |i 2812533 |o 231.042 GAR 1980 |p 2812533 |r 2024-01-25 |w 2019-11-15 |y BK |k FIL | ||
| 952 | |0 0 |1 0 |4 0 |6 231_042000000000000_GAR_1980 |7 0 |8 P |9 212962 |a BIBEDU |b BIBEDU |c BIBEDU_PB |d 2019-11-15 |h v.2 |i 2812541 |o 231.042 GAR 1980 |p 2812541 |r 2024-01-25 |w 2019-11-15 |y BK |k FIL | ||
| 952 | |0 0 |1 0 |4 0 |6 231_042000000000000_GAR_1980 |7 0 |8 A |9 212963 |a BIBTEO |b BIBTEO |d 2019-11-15 |i 4245148 |o 231.042 GAR 1980 |p 4245148 |r 2025-01-17 |w 2019-11-15 |y BK |k ICR | ||